| 000 | 00541nam a22001817a 4500 | ||
|---|---|---|---|
| 999 |
_c31038 _d31036 |
||
| 003 | OSt | ||
| 005 | 20181011085335.0 | ||
| 008 | 181011b ||||| |||| 00| 0 eng d | ||
| 040 |
_aMMU _beng _cMMU _dMMU |
||
| 050 | _aGV 676 .047 2014 | ||
| 100 |
_aOlson Kelly _d170 36703 |
||
| 245 |
_aSport recreation in the ancient world/ _c(Kelly Olson...(et...al..)... |
||
| 260 |
_aWestern _bThe book store at Western _c2014 |
||
| 300 |
_a104p.: _bili.: |
||
| 650 | _2Recreattion in the ancient world | ||
| 700 | _aCharles Stocking | ||
| 942 |
_2lcc _cCD'S |
||